Apprendre les animaux en portugais - Statistiques

Statistiques générales
  • Ce quiz a été pris 42 fois
  • Le résultat moyen est 15 sur 55
Statistiques - réponses
Français Portugais / Português % Correct
Chat Gato
100%
Lion Leão
80%
Cochon Porco
80%
Vache Vaca
73%
Âne Burro
60%
Chien Cachorro
60%
Cheval Cavalo
60%
Chèvre Cabra
53%
Singe Macaco
47%
Tigre Tigre
47%
Zèbre Zebra
40%
Araignée Aranha
33%
Lapin Coelho
33%
Crocodile Crocodilo
33%
Jaguar Jaguar
33%
Loup Lobo
33%
Oiseau Pássaro
33%
Canard Pato
33%
Poisson Peixe
33%
Requin Tubarão
33%
Ours Urso
33%
Abeille Abelha
27%
Papillon Borboleta
27%
Girafe Girafa
27%
Moustique Mosquito
27%
Dinde Peru
27%
Kangourou Canguru
20%
Dauphin Golfinho
20%
Gorille Gorila
20%
Hippopotame Hipopótamo
20%
Pieuvre Polvo
20%
Renard Raposa
20%
Tortue Tartaruga
20%
Autruche Avestruz
13%
Crabe Caranguejo
13%
Hippocampe Cavalo-marinho
13%
Grenouille Sapo
13%
Taureau Touro
13%
Koala Coala
7%
Serpent Cobra
7%
Mouette Gaivota
7%
Oie Ganso
7%
Sanglier Javali
7%
Coccinelle Joaninha
7%
Libellule Libélula
7%
Mouton Ovelha
7%
Paon Pavão
7%
Pigeon Pombo
7%
Paresseux Preguiçoso
7%
Rhinocéros Rinoceronte
7%
Cygne Cisne
0%
Furret Furão
0%
Escargot Lesma
0%
Hérisson Ouriço
0%
Mouche Voar
0%
Aucun quiz correspondant
Distribution des résultats
% des personnes avec chaque résultat
Percentile par nombre de réponses
Votre historique - résultats
Vous n’avez pas pris ce quiz